000 01167nam0a22002771 4500
001 rc\642024
005 20031121164741.4
035 _a(NLR Aleph) 005883206
090 _a6099787
_c6099787
100 _a20031121d1986 u |0rusy50 ca
101 0 _arus
102 _aRU
105 _aa |||||||||
200 1 _aИсследование микроэлектронных первичных преобразователей концентрации ионов водорода
_fБ.И. Подлепецкий, С.В. Фоменко, А.В. Шальнов
210 _aМ.
_cМИФИ
_d1986
215 _a34 с.
_cил.
_d20
225 1 _aПрепринт
_fМ-во высш. и сред. спец. образования СССР, Моск. инж.-физ. ин-т
_v006-86
320 _aБиблиогр.: с. 33-34
700 1 _aПодлепецкий
_bБ. И.
_gБорис Иванович
701 1 _aФоменко
_bС. В.
_gСергей Викторович
701 1 _aШальнов
_bА. В.
_gАлександр Всеволодович
801 0 _aRU
_bNLR
_gpsbo
801 1 _aRU
_bELAR
_2rusmarc
852 _aNLR
_j87-4/20516
942 _cBOOK
980 _aNB